000 01052nam a22002175i 4500
001 157477
003 ES-MaACL
005 20250804062752.0
008 040809m18751890gw a |||| | ger d
040 _aCAM
_bspa
_cCAM
100 1 _aLeibniz, Gottfried Wilhelm
_cFreiherr von.
_971367
245 1 4 _aDie philosophischen Schristen von Gottfried Wilhelm Leibniz /
_cherausgegeben von C.J. Gerhardt.
260 _aBerlin :
_bWeidmannsche Buchhandlung,
_c1875-1890 (
_eLeipzig :
_fDruck von Breitkopf und Härtel)
300 _a7 v. ;
_c24 cm.
597 _aT.I, 1875 (VIII, 427 p., [1] h. de lám.) - T.II, 1879 (594 p.) - T.III, 1887 (684 p.) - T.IV, 1880 (VIII, 595 p.) - T.V, 1882 (509 p.) - T.VI, VIII, (629 p.) - T.VII, 1890 (X, 598 p.)
599 _aLa h. de lám. grab. lit. retrato del autor: "Lith. v. P. Rohrbahc, Druck v. J. Hesse, Berlin"
650 7 _aFilosofía
_2embne
_912802
700 1 1 _aGerhardt, C.J.,
_eed. lit.
_9127293
852 _aES-MaACL
_jG-5334-5340
_z-- Enc. hol. conservando la cub. original
999 _c157477
_d157477